000
00303nam a2200109Ia 4500
008
230822s1985 xx 000 0 und d
041
_a
eng
100
_a
KULKARNI.S.B,AGNIHOTRI.A.D.,GAJENDRAGADKAR.S.K.
245
_a
ELEMENTS OF CIVIL ENGINEERING
260
_b
VIJAYA MADHAV AADKAR
_c
1985
300
_a
109
999
_c
861816
_d
861816